000
00253nam a2200097Ia 4500
001
961160
005
20250826220122.0
008
250824s9999 xx 000 0 und d
245
0
_a
DELİ ÇOCUĞUN GÜNCESİ
_c
ÇÖZGÜR BACAKSIZ
260
_b
DESTEK YAYINLARI
999
_c
961160
_d
961160